[Event "V Sunway Sitges Open 2018"]
[Site "Sitges"]
[Date "2018.12.21"]
[Round "8"]
[White "Low, Zhen Yu Cyrus"]
[Black "Vasquez Schroeder, Rodrigo"]
[Result "0-1"]
[WhiteElo "2384"]
[BlackElo "2495"]
[Annotator "TA"]
[PlyCount "134"]
[EventDate "2018.12.14"]
[EventType "swiss"]
[EventCountry "ESP"]
[SourceTitle "playchess.com"]
[Source "ChessBase"]
[SourceQuality "1"]

{[%evp 22,134,39,43,46,42,54,50,84,43,55,62,82,91,155,175,179,123,118,125,150,153,153,87,84,48,53,46,45,0,0,-9,0,0,27,-168,0,0,0,0,29,0,0,-102,-56,-113,-98,-108,0,-129,-114,-110,-69,-313,-307,-308,-282,-419,-387,-344,-100,-91,-56,-96,-104,-100,-31,-47,-31,-31,-31,-130,-58,-111,-136,-414,-399,-1581,-1495,-1023,-31,-31,-31,-31,-35,-1992,-1074,-2675,-2133,-5061,-2189,-4129,-3993,-2445,-1444,-5077,-5077,-4443,-1683,-29968,-29969,-29969,-29970,-29970,-29971,-29970,-29971,-29962,-29966,-29953,-29949,-29975,-29975,-29976,-29976]} 1. e4 e6 2. d4 d5 3. Nd2 Nf6 4. e5 Nfd7 5. c3 c5 6. Bd3 Nc6 7. Ne2 cxd4 8. cxd4 Nb6 9. O-O Bd7 10. f4 g6 {C06: French Tarrasch: 3...Nf6 4 e5 Nfd7 5 Bd3 main lines} 11. Nf3 Nb4 12. Bb1 {LiveBook: 8 Games} Ba4 {White is slightly better.} 13. b3 Bb5 14. Rf2 $146 ({Predecessor:} 14. a3 Nc6 15. Rf2 Qd7 16. a4 Ba6 17. a5 Nc8 18. g4 {1-0 (48) Sosa,T (2453)-Cerda Albornoz,G (2195) Montevideo 2018}) 14... h5 15. Ng3 h4 16. Nf1 Qc7 17. Ne3 Qc3 (17... a5 $142) 18. Ng4 $1 $16 O-O-O 19. Ng5 (19. Bb2 $6 Qc7 $16) (19. a3 $1 $18) 19... Qc7 (19... Qxa1 $2 20. Bb2 $18) 20. a3 Nc6 21. a4 Ba6 22. Rc2 (22. a5 $142 Na8 23. Bd3) 22... Kb8 23. Nf6 Bb4 24. Bd2 {aiming for Bxb4.} Qe7 25. Be3 Rc8 26. Bf2 Nd7 {[%cal Bb6d7,Bd7f6,Bf6g4][%mdl 32]} 27. Ng4 Ba5 28. Rc1 $2 {[#]} (28. h3 $11 {and White stays safe.}) 28... Bb6 $2 (28... Ncxe5 $1 $19 {[%mdl 512]} 29. dxe5 (29. Nxe5 Nxe5 30. b4 Rxc1 $19) 29... Be2 30. Rxc8+ Rxc8 31. Bxa7+ (31. Qxe2 $2 Rc1+ 32. Qf1 Rxf1+ 33. Kxf1 Bc3 $19) 31... Kxa7 32. Qxe2 Bb6+ 33. Ne3 Rc1+ 34. Kf2 Nxe5 $1 {[%mdl 512]}) 29. Bd3 Bxd3 30. Qxd3 f6 (30... f5 $5 {[%cal Rf5g4]} 31. exf6 Nxf6 32. Rxc6 bxc6 $14) 31. exf6 (31. Rxc6 $5 bxc6 32. exf6 Nxf6 33. Ne5 $14) 31... Nxf6 32. Ne5 (32. Rxc6 $1 $11 {keeps the balance.} bxc6 33. Ne5) 32... Nxe5 $17 33. fxe5 ({White should play} 33. dxe5 $15 Bxf2+ 34. Kxf2 Ng4+ 35. Kg1) 33... Ng4 $36 {[%mdl 2048] Black is really pushing.} 34. Nf3 {Black should prevent Rxc8+.} g5 (34... Rxc1+ $17 35. Rxc1 Nxf2 36. Kxf2 h3) 35. h3 (35. Rxc8+ $11 Rxc8 36. Be1) 35... Nxf2 36. Kxf2 a6 37. Ke2 $2 (37. Rxc8+ $15 Rxc8 38. a5) 37... Rcf8 $1 $19 38. a5 Ba7 $1 39. b4 (39. Rc2 {is a better defense.} Qg7 40. Kd1) 39... Rhg8 40. b5 {[#]} axb5 $2 (40... g4 $1 $19 {[%cal Rg4f3]} 41. hxg4 Rxg4) 41. a6 $17 {next axb7 is good for White.} g4 42. hxg4 Rxg4 43. axb7 Rxg2+ ({Better is} 43... Qxb7 $17 44. Rcb1 b4) 44. Kf1 $1 $15 {[%cal Rf1g2]} Rg3 45. Rc8+ $1 {[%mdl 64] Decoy} Rxc8 46. bxc8=Q+ Kxc8 47. Rc1+ (47. Ke2 $1 $15) 47... Kd8 $17 {And now ...Qf7 would win.} 48. Ke2 $2 {[%mdl 8192] [#]} (48. Qc3 $17 Qb7 49. Qa5+ Kd7 50. Kf2) 48... Qb4 $1 $19 {[%cal Rb4b2]} 49. Kf2 $2 (49. Rb1 Qa5 50. Rg1) 49... Qb2+ 50. Rc2 Qxd4+ $2 (50... Qa1 $19 {Threatens to win with ...Bxd4+!} 51. Rd2 Qh1) 51. Qxd4 $15 Rxf3+ $1 ({But not} 51... Bxd4+ $6 52. Nxd4 Rg4 53. Nxb5 $16 (53. Nxe6+ Ke7 $11)) 52. Kxf3 Bxd4 $19 {[%mdl 4096] Endgame KR-KB} 53. Kf4 $2 {[%mdl 8192]} (53. Rh2 $15) 53... b4 {[%cal Bb5b4,Bb4b3][%mdl 32]} 54. Rd2 Bc3 55. Rd3 Kd7 (55... Kc7 $142 56. Rh3 Bd2+ 57. Kf3 b3) 56. Rh3 Kc6 57. Rxh4 Bd2+ 58. Kf3 b3 59. Rh8 Kc5 (59... Kb7 $142 60. Rh7+ Kb6) 60. Rb8 Bb4 {Black mates.} 61. Rc8+ Kd4 62. Rb8 Kc4 63. Rc8+ Bc5 64. Rb8 Bd4 65. Ke2 Bxe5 66. Rb6 Bd4 67. Rb8 e5 {Accuracy: White = 42%, Black = 60%.} 0-1

[Event "V Sunway Sitges Open 2018"]
[Site "Sitges"]
[Date "2018.12.21"]
[Round "8"]
[White "Krishna Teja, N."]
[Black "Nihal, Sarin"]
[Result "1-0"]
[WhiteElo "2340"]
[BlackElo "2576"]
[Annotator "TA"]
[PlyCount "102"]
[EventDate "2018.12.14"]
[EventType "swiss"]
[EventCountry "ESP"]
[SourceTitle "playchess.com"]
[Source "ChessBase"]
[SourceQuality "1"]

{[%evp 13,102,-20,8,-30,-30,-66,-66,-54,-63,-60,-64,-77,-46,-38,0,0,0,-12,-12,-8,0,0,0,-20,14,0,13,0,1,0,7,4,40,39,53,0,0,0,0,0,0,-5,0,0,0,0,22,0,50,48,54,43,51,0,72,75,94,95,91,95,89,20,25,20,20,20,20,20,20,20,23,19,45,49,57,38,71,83,87,92,121,110,122,109,327,315,1983,2158,2004,1994,1290]} 1. d4 d6 2. e4 g6 3. Nc3 Bg7 4. f4 Nf6 5. Nf3 O-O 6. Bd3 Nc6 {[%cal Bb8c6,Bc6b4,Bb4d3][%mdl 32]} 7. d5 Nb4 {LiveBook: 10 Games} 8. a3 {B09: Pirc Defence: Austrian Attack} (8. Be2 e6 9. a3 Na6 10. O-O exd5 11. exd5 c6 12. Kh1 Nc7 13. dxc6 bxc6 14. Nd4 c5 15. Nb3 Rb8 {0-1 (60) Sean,W (2385)-Jones,G (2645) Zalakaros 2014}) 8... Nxd3+ 9. Qxd3 c6 10. Be3 $146 {Black is slightly better.} ({Predecessor:} 10. Bd2 a5 11. O-O-O cxd5 12. exd5 Bf5 13. Qe2 Rc8 14. Be3 Qd7 15. Rd2 b5 {0-1 (23) Holland,A (1612)-Korth,M (1831) Weissenburg 2012}) 10... cxd5 11. exd5 Bf5 12. Qd2 Rc8 13. O-O Rxc3 (13... a5 {is more complex.} 14. Rfe1 Ne4 15. Nxe4 Bxe4 16. c3 Bxf3 17. gxf3 Re8) 14. Qxc3 Nxd5 15. Qb3 Nxe3 16. Qxe3 Bxc2 17. Qxa7 Be4 18. Qe3 Bd5 19. Rad1 e6 20. Rf2 Qd7 21. Rfd2 Rc8 22. Nd4 f5 23. Nb5 Bf8 ({Avoid the trap} 23... Qxb5 $2 24. Rxd5 $1 {[%mdl 512]} Qe8 25. Rxd6 $18) 24. Rxd5 (24. b3 $14) 24... exd5 $11 25. Rxd5 Qc6 26. Rd1 d5 {aiming for ...Bc5.} 27. b4 Re8 28. Qd3 Rd8 29. Nd4 $36 {[%mdl 2048] White is pushing.} Qb6 (29... Qd7 {looks sharper.} 30. Qe3 Bg7 31. Nf3 Bf6 32. Qb6 Bb2) 30. Qb5 Qxb5 (30... Qa7 {is interesting.} 31. Kh1 Qxa3 32. Qxb7 Qa4 33. Rb1 Qa2) 31. Nxb5 {[%mdl 4096] Endgame KRB-KRN} Kf7 32. Kf2 Rd7 33. Rc1 (33. g3 $14) 33... Bg7 (33... Bh6 $11) 34. Ke2 Ke7 35. Rc8 Rd8 36. Rc7+ Rd7 37. Kd3 ({White should play} 37. Rc5 $16) 37... Bh6 38. Rxd7+ Kxd7 {KB-KN} 39. g3 Bg7 40. a4 Bf8 41. Kc3 Bg7+ 42. Nd4 Kd6 43. Kd3 Bf6 44. h3 Bh8 {[#]} 45. Nf3 $1 Bb2 {[#]} 46. Ng5 $1 h6 47. Nf3 Ba3 48. Kc3 d4+ $2 (48... Bc1 $16) 49. Nxd4 $18 {Nb5+ is the strong threat.} Kd5 $2 (49... Bc1 50. Kd3 Kd5) 50. Ne2 Ke4 51. Kb3 Kd5 {Accuracy: White = 68%, Black = 42%.} 1-0

[Event "V Sunway Sitges Open 2018"]
[Site "Sitges"]
[Date "2018.12.21"]
[Round "8"]
[White "Dhulipalla Bala Chandra Prasa"]
[Black "Romanishin, Oleg M"]
[Result "1/2-1/2"]
[WhiteElo "2328"]
[BlackElo "2451"]
[Annotator "ChessBase"]
[PlyCount "32"]
[EventDate "2018.12.14"]
[EventType "swiss"]
[EventCountry "ESP"]
[SourceTitle "playchess.com"]
[Source "ChessBase"]
[SourceQuality "1"]
[TimeControl "40/5400+30:1800+30"]

1. d4 {[%emt 0:00:00]} Nf6 {[%emt 0:00:00]} 2. c4 {[%emt 0:00:00]} e6 {[%emt 0:00:00]} 3. g3 {[%emt 0:00:00]} Bb4+ {[%emt 0:00:00]} 4. Bd2 {[%emt 0:00:17]} c5 {[%emt 0:00:33]} 5. Bxb4 {[%emt 0:01:03]} cxb4 {[%emt 0:00:06]} 6. Bg2 {[%emt 0:00:21]} Qc7 {[%emt 0:00:06]} 7. Nd2 {[%emt 0:06:54]} O-O {[%emt 0:00:40]} 8. Ngf3 {[%emt 0:02:41]} b6 {[%emt 0:01:45]} 9. O-O {[%emt 0:18:36]} Bb7 {[%emt 0:00:12]} 10. Rc1 {[%emt 0:03:50]} d6 {[%emt 0:00:34]} 11. Qb3 {[%emt 0:10:02]} a5 {[%emt 0:00:48]} 12. Rfd1 {[%emt 0:01:03]} Nbd7 {[%emt 0:00:36]} 13. a3 {[%emt 0:01:49]} bxa3 {[%emt 0:01:24]} 14. Qxa3 {[%emt 0:00:02]} Ne4 {[%emt 0:12:08]} 15. Nxe4 {[%emt 0:07:33]} Bxe4 {[%emt 0:00:09]} 16. Nd2 {[%emt 0:00:26]} Bb7 1/2-1/2

[Event "V Sunway Sitges Open 2018"]
[Site "Sitges"]
[Date "2018.12.21"]
[Round "8"]
[White "Tastambekov, Timur"]
[Black "Gjestemoen-VonHirsch, Andre"]
[Result "1-0"]
[WhiteElo "2146"]
[BlackElo "1993"]
[Annotator "NA"]
[PlyCount "77"]
[EventDate "2018.12.14"]
[EventType "swiss"]
[EventCountry "ESP"]
[SourceTitle "playchess.com"]
[Source "ChessBase"]
[SourceQuality "1"]
[TimeControl "40/5400+30:1800+30"]

1. d4 {[%emt 0:09:01]} Nf6 {[%emt 0:00:00]} 2. c4 {[%emt 0:00:04]} c5 {[%emt 0:00:05]} 3. d5 {[%emt 0:00:03]} b5 {[%emt 0:00:11]} 4. cxb5 {[%emt 0:00:03]} a6 {[%emt 0:00:11]} 5. f3 {[%emt 0:00:07]} g6 {[%emt 0:01:49]} 6. e4 {[%emt 0:00:12]} Bg7 {[%emt 0:03:31]} 7. e5 {[%emt 0:03:09]} Ng8 {[%emt 0:00:52]} 8. f4 {[%emt 0:00:05]} d6 {[%emt 0:02:04]} 9. Nf3 {[%emt 0:01:42]} Nh6 {[%emt 0:04:11]} 10. Bc4 {[%emt 0:05:12]} Nd7 {[%emt 0:07:54]} 11. Nc3 {[%emt 0:08:46]} Nb6 {[%emt 0:05:17]} 12. Be2 {[%emt 0:04:58]} O-O {[%emt 0:07:54]} 13. O-O {[%emt 0:03:15]} axb5 {[%emt 0:10:33]} 14. Bxb5 {[%emt 0:00:14]} Bb7 {[%emt 0:01:37]} 15. e6 {[%emt 0:35:12]} fxe6 {[%emt 0:17:37]} 16. dxe6 {[%emt 0:08:46]} Nf5 {[%emt 0:01:09]} 17. Re1 {[%emt 0:02:50]} Nd4 {[%emt 0:02:05]} 18. Nxd4 {[%emt 0:01:43]} Bxd4+ {[%emt 0:01:28]} 19. Kh1 {[%emt 0:00:26]} Ra5 {[%emt 0:01:53]} 20. Bd3 {[%emt 0:01:22]} Qa8 {[%emt 0:07:59]} 21. Qg4 {[%emt 0:01:13]} c4 {[%emt 0:02:08]} 22. Bc2 {[%emt 0:03:18]} Nd5 {[%emt 0:02:17]} 23. Nxd5 {[%emt 0:03:19]} Bxd5 {[%emt 0:05:15]} 24. f5 {[%emt 0:00:26]} Bg7 {[%emt 0:03:53]} 25. Bg5 {[%emt 0:02:51]} gxf5 {[%emt 0:02:18]} 26. Qg3 {[%emt 0:00:35]} Kh8 {[%emt 0:00:59]} 27. Bxe7 {[%emt 0:01:26]} Rg8 {[%emt 0:00:40]} 28. Bg5 {[%emt 0:01:13]} Bxb2 {[%emt 0:04:18]} 29. Rab1 {[%emt 0:00:19]} f4 {[%emt 0:00:35]} 30. Qh3 {[%emt 0:02:29]} Bxg2+ {[%emt 0:00:29]} 31. Qxg2 {[%emt 0:00:17]} f3 {[%emt 0:02:39]} 32. Qf2 {[%emt 0:00:16]} Raxg5 {[%emt 0:00:49]} 33. Rxb2 {[%emt 0:00:32]} Rg2 {[%emt 0:00:59]} 34. Qd4+ {[%emt 0:00:05]} R8g7 {[%emt 0:00:03]} 35. Be4 {[%emt 0:01:19]} Qf8 {[%emt 0:01:13]} 36. Rxg2 {[%emt 0:00:17]} fxg2+ {[%emt 0:00:08]} 37. Bxg2 {[%emt 0:00:07]} Qe7 {[%emt 0:00:44]} 38. Rb1 {[%emt 0:00:36]} Qa7 39. Bf1 1-0

[Event "V Sunway Sitges Open 2018"]
[Site "Sitges"]
[Date "2018.12.21"]
[Round "8"]
[White "Ruiz Gonzalez, Jorge"]
[Black "Arias Castanedo, Jacinto"]
[Result "1-0"]
[WhiteElo "2083"]
[BlackElo "1811"]
[Annotator "NA"]
[PlyCount "65"]
[EventDate "2018.12.14"]
[EventType "swiss"]
[EventCountry "ESP"]
[SourceTitle "playchess.com"]
[Source "ChessBase"]
[SourceQuality "1"]
[TimeControl "40/5400+30:1800+30"]

1. e4 {[%emt 0:00:00]} c6 {[%emt 0:06:37]} 2. d4 {[%emt 0:00:00]} d5 {[%emt 0:00:07]} 3. e5 {[%emt 0:00:00]} Bf5 {[%emt 0:00:15]} 4. g4 {[%emt 0:00:39]} Bd7 {[%emt 0:00:09]} 5. Nc3 {[%emt 0:00:15]} e6 {[%emt 0:00:11]} 6. Be3 {[%emt 0:00:28]} a6 {[%emt 0:00:20]} 7. a3 {[%emt 0:03:04]} Qc7 {[%emt 0:00:21]} 8. Qd2 {[%emt 0:04:50]} c5 {[%emt 0:01:51]} 9. dxc5 {[%emt 0:08:03]} Qxe5 {[%emt 0:01:43]} 10. O-O-O {[%emt 0:00:28]} Qc7 {[%emt 0:00:27]} 11. Re1 {[%emt 0:01:19]} Ne7 {[%emt 0:01:04]} 12. Bg2 {[%emt 0:02:41]} Bc6 {[%emt 0:01:46]} 13. Bf4 {[%emt 0:14:55]} Qa5 {[%emt 0:10:47]} 14. Qd4 {[%emt 0:07:38]} Nd7 {[%emt 0:06:15]} 15. Bd6 {[%emt 0:00:22]} O-O-O {[%emt 0:03:17]} 16. a4 {[%emt 0:03:18]} Re8 {[%emt 0:09:11]} 17. b4 {[%emt 0:00:58]} Qd8 {[%emt 0:00:09]} 18. b5 {[%emt 0:03:08]} Nb8 {[%emt 0:00:06]} 19. Qf4 {[%emt 0:13:02]} Ng6 {[%emt 0:05:40]} 20. Qb4 {[%emt 0:03:53]} a5 21. Qb3 {[%emt 0:06:36]} Bxd6 {[%emt 0:13:25]} 22. cxd6 {[%emt 0:00:05]} Bd7 {[%emt 0:02:27]} 23. Nh3 {[%emt 0:05:30]} h5 {[%emt 0:02:48]} 24. g5 {[%emt 0:01:44]} Nh4 {[%emt 0:04:12]} 25. Bxd5 {[%emt 0:05:26]} exd5 {[%emt 0:06:33]} 26. Nxd5 {[%emt 0:00:26]} Nc6 {[%emt 0:04:53]} 27. bxc6 {[%emt 0:00:35]} Bxc6 {[%emt 0:00:11]} 28. Ne7+ {[%emt 0:06:05]} Kd7 {[%emt 0:03:06]} 29. Nxc6 {[%emt 0:00:19]} Qa8 {[%emt 0:02:06]} 30. Ne5+ {[%emt 0:00:43]} Rxe5 {[%emt 0:02:34]} 31. Rxe5 {[%emt 0:00:09]} Ng6 {[%emt 0:00:18]} 32. Qxf7+ {[%emt 0:00:27]} Kxd6 {[%emt 0:00:33]} 33. Qe6+ {[%emt 0:00:09] Kd5} 1-0

[Event "V Sunway Sitges Open 2018"]
[Site "Sitges"]
[Date "2018.12.21"]
[Round "8"]
[White "Wlogalski, Olivier"]
[Black "Walter Travella, German"]
[Result "0-1"]
[WhiteElo "1872"]
[BlackElo "1917"]
[Annotator "NA"]
[PlyCount "136"]
[EventDate "2018.12.14"]
[EventType "swiss"]
[EventCountry "ESP"]
[SourceTitle "playchess.com"]
[Source "ChessBase"]
[SourceQuality "1"]
[TimeControl "40/5400+30:1800+30"]

1. b3 {[%emt 0:00:00]} e5 {[%emt 0:04:25]} 2. Bb2 {[%emt 0:00:00]} Nc6 {[%emt 0:00:26]} 3. e3 {[%emt 0:00:00]} Nf6 {[%emt 0:03:28]} 4. Bb5 {[%emt 0:00:00]} Bd6 {[%emt 0:00:52]} 5. Na3 {[%emt 0:00:21]} a6 {[%emt 0:00:26] A01: Nimzowitsch-Larsen Opening} (5... e4 6. Nc4 Be7 7. Bxc6 bxc6 8. Ne2 a5 9. O-O a4 10. d3 exd3 11. cxd3 axb3 12. axb3 Rxa1 13. Qxa1 {1-0 (27) Karjakin,S (2782)-Giri,A (2782) Leuven 2018}) 6. Bxc6 {[%emt 0:03:35]} dxc6 {[%emt 0:00:15]} 7. Nc4 {[%emt 0:00:43]} Qe7 {[%emt 0:01:43]} 8. Ne2 {[%emt 0:06:12]} b5 {[%emt 0:01:24]} 9. Nxd6+ {[%emt 0:00:14]} cxd6 {[%emt 0:00:33]} 10. d3 {[%emt 0:00:55]} O-O {[%emt 0:05:04]} 11. O-O {[%emt 0:00:23]} Re8 {[%emt 0:02:21]} 12. Qd2 {[%emt 0:00:28]} d5 $146 {[%emt 0:04:22]} ({Predecessor:} 12... a5 13. e4 {½-½ (23) Punzon Moraleda,J (2385)-Morales Pecino,B (2358) ICCF email 2006}) 13. a4 {[%emt 0:02:11]} b4 {[%emt 0:01:21]} 14. Ng3 {[%emt 0:01:34]} h5 {[%emt 0:00:43]} 15. e4 {[%emt 0:03:06]} h4 {[%emt 0:10:42]} 16. Nf5 {[%emt 0:03:47]} Bxf5 {[%emt 0:00:17]} 17. exf5 {[%emt 0:00:04]} Nh7 {[%emt 0:02:28]} 18. Rae1 {[%emt 0:03:02]} f6 {[%emt 0:05:46]} 19. Qe2 {[%emt 0:02:47]} e4 {[%emt 0:05:19]} 20. d4 {[%emt 0:08:36]} h3 {[%emt 0:05:47]} 21. Bc1 {[%emt 0:01:02]} hxg2 {[%emt 0:00:31]} 22. Kxg2 {[%emt 0:00:10]} Qa7 {[%emt 0:00:45]} 23. Rd1 {[%emt 0:02:29]} Qf7 {[%emt 0:00:16]} 24. Qg4 {[%emt 0:01:48]} Kf8 {[%emt 0:01:07]} 25. Qh4 {[%emt 0:04:40]} g6 {[%emt 0:01:22]} 26. Bh6+ {[%emt 0:08:40]} Ke7 {[%emt 0:00:33]} 27. fxg6 {[%emt 0:01:16]} Qxg6+ {[%emt 0:00:57]} 28. Kh1 {[%emt 0:00:07]} Ng5 {[%emt 0:01:02]} 29. Bxg5 {[%emt 0:00:52]} fxg5 {[%emt 0:00:52]} 30. Qg3 {[%emt 0:00:26]} Kd7 {[%emt 0:02:21]} 31. Rg1 {[%emt 0:05:54]} Rf8 {[%emt 0:00:26]} 32. Rdf1 {[%emt 0:01:34]} Rf5 {[%emt 0:00:57]} 33. Qg4 {[%emt 0:01:29]} Kc7 {[%emt 0:00:39]} 34. c3 {[%emt 0:02:00]} bxc3 {[%emt 0:02:30]} 35. Qg3+ {[%emt 0:00:06]} Kd7 {[%emt 0:00:45]} 36. Qxc3 {[%emt 0:00:12]} Rh8 {[%emt 0:01:46]} 37. Qb4 {[%emt 0:01:29]} g4 {[%emt 0:03:31]} 38. Qb7+ {[%emt 0:04:38]} Kd6 {[%emt 0:04:05]} 39. Rg3 {[%emt 0:00:42]} Qh6 {[%emt 0:01:44]} 40. h3 {[%emt 0:00:00]} Rh5 {[%emt 0:00:00]} 41. Qb4+ {[%emt 0:15:44]} Ke6 {[%emt 0:02:23]} 42. Kg2 {[%emt 0:00:34]} Rxh3 {[%emt 0:00:43]} 43. Rg1 {[%emt 0:00:57]} Rh1 {[%emt 0:05:35]} 44. Kf1 {[%emt 0:00:28]} Qc1+ {[%emt 0:06:16]} 45. Qe1 {[%emt 0:00:07]} Rxg1+ {[%emt 0:01:21]} 46. Rxg1 {[%emt 0:00:12]} Qxe1+ {[%emt 0:00:16]} 47. Kxe1 {[%emt 0:00:12]} Kf5 {[%emt 0:01:29]} 48. Ke2 {[%emt 0:00:42]} Rh2 {[%emt 0:01:05]} 49. Rg3 {[%emt 0:02:37]} Rh3 {[%emt 0:00:23]} 50. b4 {[%emt 0:02:10]} Kf4 {[%emt 0:01:18]} 51. Rg1 {[%emt 0:01:40]} Rc3 {[%emt 0:00:47]} 52. Rb1 {[%emt 0:00:31]} e3 {[%emt 0:04:01]} 53. Rb2 {[%emt 0:07:37]} Ke4 {[%emt 0:00:49]} 54. b5 {[%emt 0:00:28]} axb5 {[%emt 0:00:42]} 55. axb5 {[%emt 0:04:46]} cxb5 {[%emt 0:00:16]} 56. fxe3 {[%emt 0:00:20]} Rxe3+ {[%emt 0:00:20]} 57. Kf2 {[%emt 0:00:05]} g3+ {[%emt 0:00:55]} 58. Kg2 {[%emt 0:00:05]} Kxd4 {[%emt 0:02:15]} 59. Rxb5 {[%emt 0:00:46]} Ke4 {[%emt 0:00:20]} 60. Rb8 {[%emt 0:00:17]} d4 {[%emt 0:00:19]} 61. Re8+ {[%emt 0:00:13]} Kd3 {[%emt 0:00:18]} 62. Ra8 {[%emt 0:01:12]} Kc2 {[%emt 0:00:34]} 63. Rc8+ {[%emt 0:09:25]} Kd1 {[%emt 0:01:22]} 64. Kf1 {[%emt 0:01:42]} d3 {[%emt 0:00:59]} 65. Rc7 {[%emt 0:00:08]} Re2 {[%emt 0:00:46]} 66. Rd7 {[%emt 0:00:30]} d2 {[%emt 0:00:43]} 67. Rd8 {[%emt 0:01:37]} Re1+ {[%emt 0:00:57]} 68. Kg2 {[%emt 0:00:40]} Kc2 {[%emt 0:00:33]} 0-1

[Event "V Sunway Sitges Open 2018"]
[Site "Sitges"]
[Date "2018.12.21"]
[Round "8"]
[White "Minko, Olga"]
[Black "Prats Rodriguez, Juan Bosco"]
[Result "1-0"]
[WhiteElo "1737"]
[BlackElo "2018"]
[Annotator "NA"]
[PlyCount "67"]
[EventDate "2018.12.14"]
[EventType "swiss"]
[EventCountry "ESP"]
[SourceTitle "playchess.com"]
[Source "ChessBase"]
[SourceQuality "1"]
[TimeControl "40/5400+30:1800+30"]

1. e4 {[%emt 0:00:00]} d6 {[%emt 0:00:19]} 2. d4 {[%emt 0:00:00]} Nf6 {[%emt 0:00:06]} 3. Nc3 {[%emt 0:00:00]} g6 {[%emt 0:00:04]} 4. f4 {[%emt 0:00:12]} Bg7 {[%emt 0:00:04]} 5. Nf3 {[%emt 0:00:15]} O-O {[%emt 0:00:06]} 6. Bd3 {[%emt 0:01:10]} Nc6 {[%emt 0:00:07]} 7. e5 {[%emt 0:07:55]} dxe5 {[%emt 0:00:18]} 8. dxe5 {[%emt 0:00:10]} Nd5 {[%emt 0:00:29]} 9. O-O {[%emt 0:18:11]} Nxc3 {[%emt 0:00:16]} 10. bxc3 {[%emt 0:00:07]} Qd5 {[%emt 0:01:08]} 11. Be3 {[%emt 0:02:59]} Bg4 {[%emt 0:08:33]} 12. h3 {[%emt 0:00:32]} Bxf3 {[%emt 0:00:19]} 13. Rxf3 {[%emt 0:01:09]} f6 {[%emt 0:00:30]} 14. Qe2 {[%emt 0:13:43]} Qa5 {[%emt 0:00:29]} 15. Raf1 {[%emt 0:00:40]} Kh8 {[%emt 0:09:30]} 16. Rg3 {[%emt 0:02:29]} f5 {[%emt 0:03:12]} 17. h4 {[%emt 0:01:22]} Nxe5 {[%emt 0:04:13]} 18. fxe5 {[%emt 0:02:15]} Bxe5 {[%emt 0:00:59]} 19. Bd4 {[%emt 0:02:48]} Bxd4+ {[%emt 0:00:26]} 20. cxd4 {[%emt 0:00:08]} e5 {[%emt 0:00:43]} 21. h5 {[%emt 0:08:18]} Rg8 22. hxg6 {[%emt 0:07:41]} e4 {[%emt 0:02:52]} 23. Qh5 {[%emt 0:03:00]} Rg7 {[%emt 0:01:26]} 24. Bxe4 {[%emt 0:00:46]} Qb6 {[%emt 0:00:37]} 25. Qxf5 {[%emt 0:02:45]} Qxd4+ {[%emt 0:00:46]} 26. Kh1 {[%emt 0:00:42]} Re8 {[%emt 0:00:27]} 27. Qf8+ {[%emt 0:10:38]} Rg8 {[%emt 0:00:08]} 28. g7+ {[%emt 0:05:21]} Qxg7 {[%emt 0:00:05]} 29. Rxg7 {[%emt 0:00:31]} Rgxf8 {[%emt 0:00:08]} 30. Rxf8+ {[%emt 0:00:51]} Rxf8 {[%emt 0:00:02]} 31. Rxh7+ {[%emt 0:00:09]} Kg8 {[%emt 0:00:09]} 32. Rxc7 {[%emt 0:00:08]} Rf1+ {[%emt 0:00:12]} 33. Kh2 {[%emt 0:00:14]} Rb1 {[%emt 0:00:17]} 34. Bxb7 {[%emt 0:00:25]} 1-0

[Event "V Sunway Sitges Open 2018"]
[Site "Sitges"]
[Date "2018.12.21"]
[Round "8"]
[White "Henderson Franklin, Matthew"]
[Black "Chatton, Jean-Bernard"]
[Result "1/2-1/2"]
[WhiteElo "1584"]
[BlackElo "1643"]
[Annotator "NA"]
[PlyCount "53"]
[EventDate "2018.12.14"]
[EventType "swiss"]
[EventCountry "ESP"]
[SourceTitle "playchess.com"]
[Source "ChessBase"]
[SourceQuality "1"]
[TimeControl "40/5400+30:1800+30"]

1. e4 {[%emt 0:00:00]} c5 {[%emt 0:00:00]} 2. Nf3 d6 3. d4 {[%emt 0:01:03]} cxd4 {[%emt 0:00:17]} 4. Nxd4 {[%emt 0:00:07]} Nf6 {[%emt 0:00:08]} 5. Nc3 {[%emt 0:00:35]} a6 {[%emt 0:00:07]} 6. Be3 {[%emt 0:00:19]} e5 {[%emt 0:01:28]} 7. Nb3 {[%emt 0:00:38]} Be7 {[%emt 0:01:39]} 8. f3 {[%emt 0:03:35]} Be6 {[%emt 0:02:48]} 9. Qd2 {[%emt 0:01:42]} O-O {[%emt 0:02:10]} 10. g4 {[%emt 0:04:07]} h6 {[%emt 0:02:14]} 11. O-O-O {[%emt 0:07:44]} Nbd7 {[%emt 0:01:47]} 12. h4 {[%emt 0:12:30]} Nh7 {[%emt 0:11:07]} 13. g5 {[%emt 0:12:58]} h5 {[%emt 0:01:10]} 14. Be2 {[%emt 0:03:48]} g6 {[%emt 0:04:05]} 15. Nd5 {[%emt 0:07:04]} Bxd5 {[%emt 0:02:39]} 16. Qxd5 {[%emt 0:00:05]} Qc7 {[%emt 0:01:10]} 17. f4 {[%emt 0:03:40]} Rac8 {[%emt 0:00:34]} 18. Rd2 {[%emt 0:01:50]} exf4 {[%emt 0:01:09]} 19. Bxf4 {[%emt 0:01:59]} Ne5 {[%emt 0:00:32]} 20. Rhd1 {[%emt 0:12:26]} Rfd8 {[%emt 0:04:35]} 21. Kb1 {[%emt 0:04:34]} Nf8 {[%emt 0:00:29]} 22. Nd4 {[%emt 0:03:14]} b5 {[%emt 0:07:42]} 23. Nf3 {[%emt 0:03:28]} Nxf3 {[%emt 0:01:48]} 24. Bxf3 {[%emt 0:01:41]} Ne6 {[%emt 0:20:01]} 25. Be3 a5 26. Bxh5 gxh5 27. g6 1/2-1/2